| 000 | 00331nam a2200121Ia 4500 | ||
|---|---|---|---|
| 008 | 240624s9999 xx 000 0 und d | ||
| 041 | _aeng | ||
| 082 | _a320.072 KAP | ||
| 100 | _aKAPISZEWSKI DIANA | ||
| 245 | _aFIELD RESEARCH IN POLITICAL SCIENCE PRAC | ||
| 260 |
_c2015 _aCambridge _bCambridge University Press |
||
| 365 |
_cBPS _b30 |
||
| 999 |
_c28444 _d28444 |
||